Impacts of the COVID-19 Pandemic on the Policy of Cultural and Creative Industries of Slovakia

Vplyv pandémie COVID-19 na kultúrny a kreatívny priemysel z národného hľadiska a opatrenia prijaté vládou SR na elimináciu jej následkov. Mikroekonomická a makroekonomická perspektíva so zvláštnou pozornosťou venovanou financovaniu kultúrneho a kreatívneho priemyslu a sociálnym dopadom na rôzne skup...

Descrizione completa

Salvato in:
Dettagli Bibliografici
Autore principale: Vitálišová, Katarína
Altri autori: Borseková, Kamila, Vaňová, Anna, Helie, Thomas
Natura: Capitolo di libro
Lingua:inglese
Soggetti:
Tags: Aggiungi Tag
Nessun Tag, puoi essere il primo ad aggiungerne!!

MARC

LEADER 00000naa a2200000 4500
001 0273452
005 20240417075146.5
041 0 |a eng 
044 |a CZ 
245 1 0 |a Impacts of the COVID-19 Pandemic on the Policy of Cultural and Creative Industries of Slovakia  |c Katarína Vitálišová, Kamila Borseková, Anna Vaňová, Thomas Helie 
520 |a Vplyv pandémie COVID-19 na kultúrny a kreatívny priemysel z národného hľadiska a opatrenia prijaté vládou SR na elimináciu jej následkov. Mikroekonomická a makroekonomická perspektíva so zvláštnou pozornosťou venovanou financovaniu kultúrneho a kreatívneho priemyslu a sociálnym dopadom na rôzne skupiny respondentov. Výsledky pôvodného primárneho výskumu uskutočneného medzi zástupcami týchto priemyselných odvetví v období od novembra do decembra 2020 a prostredníctvom online štruktúrovaného rozhovoru so zástupcami Ministerstva kultúry Slovenskej republiky. Implementované podporné opatrenia a ich skutočný vplyv na riešenie bezprecedentnej krízy vyvolanej pandémiou COVID-19 v kultúrnom a kreatívnom priemysle. 
610 2 0 |a kultúra 
610 2 0 |a priemysel kreatívny 
610 2 0 |a priemysel kultúrny 
610 2 0 |a opatrenia 
610 2 0 |a pandémia 
610 2 0 |a koronavírus 
610 2 0 |a dôsledky sociálne 
100 1 |a Vitálišová, Katarína 
700 1 |a Borseková, Kamila 
700 1 |a Vaňová, Anna 
700 1 |a Helie, Thomas